000 00203 a2200097 4500
001 41752
100 _aDavis R H
245 _aSiegfried Sassoom
260 _a
_bFaber & Faber
_c
090 _c25864
_d25864
942 _aNUST-CAE
_cM
_c17629
999 _c276825
_d276825